Под знаком Водолея (Евгений Кафельников)

Dades bibliogràfiques
Autor principal: Е. В. Ганапольская
Altres autors: Т. Ю. Волошинова
Sumari:Книга не входит в премиум-версию платформы «Русский как иностранный».
Предлагаем Вашему вниманию книгу из серии «Библиотека Златоуста». Серия включает адаптированные тексты для 5 уровней владения русским языком: произведения классиков русской литературы, современных писателей, публицистов, журналистов, а также киносценарии. I, II и IV уровни ориентируются на лексические минимумы, разработанные для Российской государственной системы тестирования по русскому языку. Каждый выпуск снабжен вопросами, заданиями и словарем, в который вошли слова, выходящие за пределы минимума.
Гарантированный срок размещения на платформе до 01.07.2026 (автопролонгация)
Publicat: Санкт-Петербург, Златоуст, 2015
Edició:Под знаком Водолея (Евгений Кафельников)
Matèries:
Accés en línia:Перейти к просмотру издания
Format: MixedMaterials Electrònic

MARC

LEADER 00000 a2200000 4500
001 RU/ROS-EDU.RU/70587
856 4 |u https://www.ros-edu.ru/book?id=70587  |z Перейти к просмотру издания 
010 |a 978-5-86547-899-7 
205 |a Под знаком Водолея (Евгений Кафельников)  |b 2026-07-01 
333 |a Гарантированный срок размещения на платформе до 01.07.2026 (автопролонгация) 
100 |a 20150101d2015 |||y0rusy0250   |s 2026-07-01 
105 |a y z 000zy 
101 0 |a rus 
102 |a RU 
200 1 |a Под знаком Водолея (Евгений Кафельников)  |b Электронный ресурс  |f Е. В. Ганапольская, Т. Ю. Волошинова 
700 1 |b Е. В.  |a Ганапольская  |4 070 
701 1 |b Т. Ю.  |a Волошинова  |4 070 
330 |a Предлагаем Вашему вниманию книгу из серии «Библиотека Златоуста». Серия включает адаптированные тексты для 5 уровней владения русским языком: произведения классиков русской литературы, современных писателей, публицистов, журналистов, а также киносценарии. I, II и IV уровни ориентируются на лексические минимумы, разработанные для Российской государственной системы тестирования по русскому языку. Каждый выпуск снабжен вопросами, заданиями и словарем, в который вошли слова, выходящие за пределы минимума. 
210 |a Санкт-Петербург  |c Златоуст  |d 2015 
610 1 |a русский язык 
610 1 |a литература 
610 1 |a лексика 
610 1 |a задание 
610 1 |a словарь 
610 1 |a минимум 
610 1 |a слово 
675 |a 81 
686 |a 81.2  |2 rubbk 
300 |a Книга не входит в премиум-версию платформы «Русский как иностранный». 
215 |a 48 с.